|
|
|
|
| LEADER |
00000ny a22000003n 4500 |
| 005 |
20110622130730.0 |
| 008 |
091223s2006 po 000 0 eng d |
| 020 |
|
|
|a 9789727491193
|
| 035 |
|
|
|a 1851
|
| 040 |
|
|
|a BUS
|d vLex
|
| 090 |
|
|
|c 1007
|d 1007
|
| 100 |
1 |
|
|a Leitó, Helder Martins
|
| 245 |
1 |
2 |
|a O Processo de Impugnaȯ́ Tributr̀ia
|h [Recurso electrn̤ico]
|c Helder Martins Leitó
|
| 256 |
|
|
|a Servicio en ln̕ea
|
| 260 |
|
|
|a Portugal :
|b Almeida & Leitó,
|c 2006
|
| 300 |
|
|
|a p. ;
|c cm
|
| 506 |
1 |
|
|a Contenido solo disponible en los productos indicados
|d vLex Global
|d vLex Global (Academic Edition, excluding Law Schools)
|d vLex Global (U.S. Academic Edition, Law Schools)
|d vLex Global (U.S. Academic Edition, excluding Law Schools)
|d vLex Global (Academic Edition, Law Schools)
|
| 650 |
0 |
4 |
|a Medios de impugnacin̤
|z Portugal
|
| 650 |
0 |
4 |
|a Recursos (Derecho)
|
| 740 |
0 |
|
|a vLex Libros (Servicios en ln̕ea)
|
| 856 |
4 |
0 |
|z Acceso restringido
|u http://vlex.com/source/1851
|
| 942 |
|
|
|c BOOK
|